[Event "GRENKE Chess Open 2024"]
[Site "Karlsruhe"]
[Date "2024.03.31"]
[Round "7.51"]
[White "Gressmann, Moritz"]
[Black "Peil, Christoph"]
[Result "0-1"]
[WhiteElo "2125"]
[BlackElo "2268"]
[Annotator "ChessBase"]
[PlyCount "74"]
[EventDate "2024.03.28"]
[EventType "swiss"]
[EventCountry "GER"]
[SourceTitle "playchess.com"]
[Source "ChessBase"]
[SourceQuality "1"]

1. e4 c5 2. Nc3 e6 3. Nge2 Nc6 4. d4 cxd4 5. Nxd4 Nf6 6. Be2 Bb4 7. Nxc6 bxc6 8. Qd3 Qa5 9. O-O Bxc3 10. bxc3 d5 11. exd5 cxd5 12. c4 Ba6 13. Qf3 Rc8 14. Bb2 Bxc4 15. Bxc4 Rxc4 16. Bxf6 gxf6 17. Qxf6 Qc3 18. Qh6 Rg8 19. g3 Ke7 20. Qxh7 Rh8 21. Qd3 Qxc2 22. Qxc2 Rxc2 23. Rfc1 Rhc8 24. Rxc2 Rxc2 25. Kg2 e5 26. Kf3 f5 27. h4 d4 28. a4 e4+ 29. Kf4 Kf6 30. Rf1 Rc3 31. f3 e3 32. g4 e2 33. g5+ Kg6 34. h5+ Kxh5 35. Re1 d3 36. Kxf5 Rc5+ 37. Kf6 Kh4 0-1

[Event "GRENKE Chess Open 2024"]
[Site "Karlsruhe"]
[Date "2024.03.31"]
[Round "7.52"]
[White "Schlosser, Philipp"]
[Black "Minor, Samuel"]
[Result "1-0"]
[WhiteElo "2511"]
[BlackElo "2224"]
[Annotator "TA"]
[PlyCount "87"]
[EventDate "2024.03.28"]
[EventType "swiss"]
[EventCountry "GER"]
[SourceTitle "playchess.com"]
[Source "ChessBase"]
[SourceQuality "1"]

1. d4 d5 2. c4 e6 3. Nf3 c6 4. e3 Nf6 5. Bd3 dxc4 6. Bxc4 Nbd7 7. O-O Bd6 8. Nbd2 O-O 9. Bd3 c5 10. e4 cxd4 11. Nc4 Qc7 12. Bg5 b5 13. Nxd6 Qxd6 14. Bxf6 gxf6 15. Bxb5 e5 16. Rc1 Nc5 17. b4 Ne6 18. Nh4 Ng7 19. Bc6 Rb8 20. b5 f5 21. f3 Qe7 22. Qe1 fxe4 23. fxe4 f5 24. Nf3 f4 25. Qh4 Qxh4 26. Nxh4 Bg4 27. Nf3 Bxf3 28. Rxf3 Rfd8 29. Ra3 Nh5 30. Rxa7 Nf6 31. h3 Kf8 32. a4 d3 33. Rd1 Rd4 34. a5 d2 35. a6 Nxe4 36. Bxe4 Rxe4 37. Rxd2 Rb4 38. Rdd7 R4xb5 39. Rxh7 Kg8 40. Rag7+ Kf8 41. Rb7 Rb1+ 42. Kf2 R8xb7 43. Rxb7 Ra1 44. a7 1-0

[Event "GRENKE Chess Open 2024"]
[Site "Karlsruhe"]
[Date "2024.03.31"]
[Round "7.53"]
[White "Efroimski, Marsel"]
[Black "Pillard, Valentin"]
[Result "0-1"]
[WhiteElo "2467"]
[BlackElo "2224"]
[Annotator "RC"]
[PlyCount "101"]
[EventDate "2024.03.28"]
[EventType "swiss"]
[EventCountry "GER"]
[SourceTitle "playchess.com"]
[Source "ChessBase"]
[SourceQuality "1"]

1. c4 f5 2. g3 Nf6 3. Bg2 g6 4. d4 Bg7 5. Nc3 O-O 6. Nh3 d6 7. d5 Na6 8. O-O e5 9. dxe6 c6 10. Bf4 Ne8 11. Bg5 Nf6 12. Bf4 Ne8 13. Qd2 Nc5 14. Rfd1 Nxe6 15. Be3 Qf6 16. Rac1 Nc5 17. b4 Nd7 18. b5 Ne5 19. bxc6 bxc6 20. Nd5 Qf7 21. Ng5 Qd7 22. c5 h6 23. Nf3 Nxf3+ 24. Bxf3 Kh7 25. Nb4 Bb7 26. cxd6 Rf6 27. Bf4 Rc8 28. Bxc6 Bxc6 29. Rxc6 Rxc6 30. Nxc6 g5 31. Nb8 Qd8 32. Be5 Re6 33. Bxg7 Rxd6 34. Bd4 Qxb8 35. Qc2 Qb5 36. Bxa7 Rxd1+ 37. Qxd1 Kg6 38. a4 Qa5 39. Bd4 Nc7 40. Qb3 Nd5 41. Kg2 Qa8 42. f3 g4 43. Kf2 gxf3 44. exf3 Qa5 45. Ke2 Qd8 46. Qc4 h5 47. Qc6+ Kf7 48. Qh6 Qe8+ 49. Kd3 Nb4+ 50. Kc4 Qc6+ 51. Qxc6 0-1

[Event "GRENKE Chess Open 2024"]
[Site "Karlsruhe"]
[Date "2024.03.31"]
[Round "7.53"]
[White "Kniest, Oliver"]
[Black "Gremmel, Jonas Simon"]
[Result "1/2-1/2"]
[WhiteElo "2262"]
[BlackElo "2113"]
[Annotator "ChessBase"]
[PlyCount "44"]
[EventDate "2024.03.28"]
[EventType "swiss"]
[EventCountry "GER"]
[SourceTitle "playchess.com"]
[Source "ChessBase"]
[SourceQuality "1"]

1. d4 d5 2. c4 e6 3. Nc3 Nf6 4. cxd5 exd5 5. Bg5 Be7 6. e3 c6 7. Bd3 Bg4 8. Nge2 Bh5 9. O-O Bg6 10. f3 O-O 11. Bh4 Re8 12. Bf2 Bd6 13. g4 Bxd3 14. Qxd3 h6 15. Ng3 Na6 16. Kg2 Nc7 17. h4 Ne6 18. Nf5 Bf8 19. h5 c5 20. dxc5 d4 21. Nxd4 Bxc5 22. Qd2 Nxh5 1/2-1/2

[Event "GRENKE Chess Open 2024"]
[Site "Karlsruhe"]
[Date "2024.03.31"]
[Round "7.54"]
[White "Tudor, Henry Edward"]
[Black "Smirnov, Mark"]
[Result "0-1"]
[WhiteElo "2262"]
[BlackElo "2111"]
[Annotator "RC"]
[PlyCount "126"]
[EventDate "2024.03.28"]
[EventType "swiss"]
[EventCountry "GER"]
[SourceTitle "playchess.com"]
[Source "ChessBase"]
[SourceQuality "1"]

1. d4 Nf6 2. c4 e6 3. Nc3 Bb4 4. e3 O-O 5. Bd3 d5 6. a3 Bxc3+ 7. bxc3 dxc4 8. Bxc4 c5 9. Nf3 Qc7 10. Be2 Nc6 11. O-O e5 12. d5 Rd8 13. e4 Ne7 14. Qc2 Ne8 15. c4 Ng6 16. Bb2 f6 17. h4 Nf4 18. Nh2 Qf7 19. g3 Bh3 20. Rfc1 Nxe2+ 21. Qxe2 h5 22. Kh1 Qg6 23. Rg1 Nd6 24. Rae1 Re8 25. g4 hxg4 26. Nxg4 Bxg4 27. Rxg4 Qh7 28. Kh2 Kf7 29. f4 exf4 30. Rxf4 Kg8 31. Qg2 Qh6 32. Ref1 Kh7 33. Rg4 Re7 34. Rg1 Rae8 35. e5 Nf5 36. Qf2 Rxe5 37. Bxe5 Rxe5 38. R1g2 g5 39. Kg1 Ne3 40. hxg5 Nxg4 41. gxh6 Nxf2 42. Rxf2 Kxh6 43. Rxf6+ Kg7 44. Rf4 a6 45. d6 Re6 46. Rf5 Rg6+ 47. Kh2 Rxd6 48. Rxc5 Kf6 49. a4 Rc6 50. Rh5 Rxc4 51. Rh6+ Ke5 52. Rb6 Rxa4 53. Rxb7 a5 54. Kg3 Kd4 55. Kf3 Rb4 56. Rc7 a4 57. Ke2 a3 58. Kd2 a2 59. Rd7+ Kc4 60. Ra7 Kb3 61. Kc1 Rc4+ 62. Kd2 Ra4 63. Rb7+ Ka3 0-1

[Event "GRENKE Chess Open 2024"]
[Site "Karlsruhe"]
[Date "2024.04.01"]
[Round "8.1"]
[White "Saric, Ivan"]
[Black "Ivic, Velimir"]
[Result "1/2-1/2"]
[WhiteElo "2670"]
[BlackElo "2582"]
[Annotator "TA"]
[PlyCount "97"]
[EventDate "2024.03.28"]
[EventType "swiss"]
[EventCountry "GER"]
[SourceTitle "playchess.com"]
[Source "ChessBase"]
[SourceQuality "1"]

1. Nf3 d5 2. d4 Nf6 3. Bf4 c5 4. e3 Nc6 5. Nbd2 Nh5 6. Be5 e6 7. c3 f6 8. Bg3 cxd4 9. Nxd4 Nxg3 10. hxg3 Bd7 11. Bd3 Ne5 12. Bc2 Qb6 13. f4 Nf7 14. Ba4 O-O-O 15. Bxd7+ Rxd7 16. Qb3 e5 17. Qxb6 axb6 18. N4f3 Bd6 19. O-O-O Bc7 20. Rh5 g6 21. Rhh1 h5 22. fxe5 Bxe5 23. g4 hxg4 24. Rxh8+ Nxh8 25. Nxe5 fxe5 26. e4 Nf7 27. Rh1 d4 28. Kc2 b5 29. Rh4 d3+ 30. Kd1 Nd6 31. b3 Rf7 32. Rxg4 Rf2 33. Rxg6 Kc7 34. Kc1 Re2 35. Rg3 Re1+ 36. Kb2 Nxe4 37. Nxe4 Rxe4 38. Rxd3 Re2+ 39. Ka3 Rxg2 40. Rd5 Rc2 41. Kb4 Rxa2 42. Rxe5 b6 43. Rxb5 Rf2 44. Rh5 Kc6 45. c4 Rf3 46. Ka4 Rf4 47. Rh6+ Kc7 48. Rh8 Rg4 49. Rh7+ 1/2-1/2

[Event "GRENKE Chess Open 2024"]
[Site "Karlsruhe"]
[Date "2024.04.01"]
[Round "8.1"]
[White "Haring, Filip"]
[Black "Sarana, Alexey"]
[Result "0-1"]
[WhiteElo "2452"]
[BlackElo "2699"]
[Annotator "TA"]
[PlyCount "56"]
[EventDate "2024.03.28"]
[EventType "swiss"]
[EventCountry "GER"]
[SourceTitle "playchess.com"]
[Source "ChessBase"]
[SourceQuality "1"]

1. e4 c5 2. Nc3 d6 3. d4 cxd4 4. Qxd4 Nc6 5. Qd2 g6 6. b3 Bh6 7. f4 f5 8. Bb2 Nf6 9. O-O-O fxe4 10. g3 Qa5 11. Nd5 Qxd5 12. Qxd5 Nxd5 13. Bxh8 Ne3 14. Re1 Nxf1 15. Rxf1 e5 16. Kb2 Bf5 17. fxe5 dxe5 18. h3 Ke7 19. g4 Rxh8 20. gxf5 Rf8 21. f6+ Ke6 22. Ne2 Nd4 23. Ng3 e3 24. Ne4 Bf4 25. Kc3 Rd8 26. Kd3 Nxb3+ 27. Ke2 Nd4+ 28. Kd3 Kf5 0-1

[Event "GRENKE Chess Open 2024"]
[Site "Karlsruhe"]
[Date "2024.04.01"]
[Round "8.1"]
[White "Smirnov, Mark"]
[Black "Sliwicka, Alicja"]
[Result "0-1"]
[WhiteElo "2111"]
[BlackElo "2309"]
[Annotator "RC"]
[PlyCount "82"]
[EventDate "2024.03.28"]
[EventType "swiss"]
[EventCountry "GER"]
[SourceTitle "playchess.com"]
[Source "ChessBase"]
[SourceQuality "1"]

1. e4 e5 2. Nc3 Nc6 3. g3 Nf6 4. Bg2 Bc5 5. Nge2 O-O 6. O-O Re8 7. h3 Nd4 8. d3 c6 9. Kh2 d5 10. exd5 Nxd5 11. Nxd4 Bxd4 12. Nxd5 cxd5 13. c3 Bb6 14. f4 exf4 15. Bxf4 Be6 16. d4 Qd7 17. Qb3 Re7 18. Rae1 Rae8 19. Rf2 h6 20. Rfe2 Rd8 21. Qb4 Ree8 22. a4 Bc7 23. Bxc7 Qxc7 24. Re5 Rf8 25. Qb3 Qc6 26. Qb5 Qd6 27. a5 a6 28. Qc5 Qd7 29. Qb4 Rc8 30. Qb3 Rc4 31. Rh5 Rd8 32. Ree5 Qc6 33. Qb6 Qxb6 34. axb6 Rd6 35. Bxd5 Bxd5 36. Rxd5 Rxb6 37. Rc5 Rxb2+ 38. Kg1 Rxc5 39. Rxc5 Kf8 40. c4 Ke7 41. Rc7+ Kf6 0-1

[Event "GRENKE Chess Open 2024"]
[Site "Karlsruhe"]
[Date "2024.04.01"]
[Round "8.1"]
[White "Herm, Marcel"]
[Black "Heberla, Bartlomiej"]
[Result "0-1"]
[WhiteElo "2079"]
[BlackElo "2557"]
[Annotator "RC"]
[PlyCount "74"]
[EventDate "2024.03.28"]
[EventType "swiss"]
[EventCountry "GER"]
[SourceTitle "playchess.com"]
[Source "ChessBase"]
[SourceQuality "1"]

1. d4 e6 2. c4 f5 3. Nf3 Nf6 4. g3 Bb4+ 5. Bd2 Bxd2+ 6. Qxd2 O-O 7. Bg2 d6 8. Nc3 Nc6 9. O-O e5 10. dxe5 dxe5 11. Nd5 e4 12. Ng5 Ng4 13. f3 e3 14. Qc3 Nxh2 15. Kxh2 Qxg5 16. f4 Qh5+ 17. Kg1 Qf7 18. b4 Be6 19. Qxe3 Nd8 20. Qe5 c6 21. Nc7 Rc8 22. Nxe6 Qxe6 23. Qxe6+ Nxe6 24. Rfd1 Rfd8 25. e3 Kf7 26. a4 a5 27. bxa5 Nc5 28. a6 Nxa6 29. a5 Rxd1+ 30. Rxd1 Nc5 31. a6 bxa6 32. Rb1 Ke7 33. Rb6 Kd6 34. Kf1 a5 35. Ke2 a4 36. Kd2 a3 37. Kc2 a2 0-1

[Event "GRENKE Chess Open 2024"]
[Site "Karlsruhe"]
[Date "2024.04.01"]
[Round "8.2"]
[White "Meshkovs, Nikita"]
[Black "Reza, Wojciech"]
[Result "1-0"]
[WhiteElo "2556"]
[BlackElo "2298"]
[Annotator "RC"]
[PlyCount "81"]
[EventDate "2024.03.28"]
[EventType "swiss"]
[EventCountry "GER"]
[SourceTitle "playchess.com"]
[Source "ChessBase"]
[SourceQuality "1"]

1. d4 g6 2. g3 Bg7 3. Bg2 c5 4. e3 Nf6 5. Ne2 O-O 6. O-O cxd4 7. exd4 d5 8. c3 Nc6 9. Nf4 Bf5 10. Na3 Rc8 11. Re1 Re8 12. h3 h5 13. Nd3 Be4 14. Bf4 Qb6 15. Re2 e6 16. Nc5 Bxg2 17. Kxg2 Bf8 18. Bg5 Nh7 19. Be3 Rcd8 20. Qb3 e5 21. Rae1 exd4 22. cxd4 Bg7 23. Nxb7 Qxb3 24. axb3 Rb8 25. Nd6 Red8 26. Ndb5 a6 27. Rc1 Na5 28. b4 Nc4 29. Nxc4 Rxb5 30. Na5 Re8 31. Nc6 Nf8 32. b3 Ne6 33. Ra2 Rb6 34. Ra5 Nc7 35. Ne5 Nb5 36. Rc6 Rxc6 37. Nxc6 Nc7 38. Bf4 Ne6 39. Rxd5 Bf8 40. b5 g5 41. b6 1-0

[Event "GRENKE Chess Open 2024"]
[Site "Karlsruhe"]
[Date "2024.04.01"]
[Round "8.2"]
[White "Saraci, Nderim"]
[Black "Sjugirov, Sanan"]
[Result "0-1"]
[WhiteElo "2450"]
[BlackElo "2690"]
[Annotator "RC"]
[PlyCount "158"]
[EventDate "2024.03.28"]
[EventType "swiss"]
[EventCountry "GER"]
[SourceTitle "playchess.com"]
[Source "ChessBase"]
[SourceQuality "1"]

1. d4 Nf6 2. c4 e6 3. Nc3 Bb4 4. Nf3 b6 5. g3 Bb7 6. Bg2 Bxc3+ 7. bxc3 d6 8. O-O Nbd7 9. a4 a5 10. Re1 O-O 11. Bg5 Qc8 12. Bxf6 Nxf6 13. Nd2 e5 14. e4 Re8 15. f3 Ba6 16. Bf1 h5 17. h4 c6 18. Rb1 Rb8 19. Bd3 Qc7 20. Kg2 d5 21. Qe2 g6 22. cxd5 Bxd3 23. d6 Qxd6 24. Qxd3 Nd7 25. Nc4 Qe6 26. Red1 Rec8 27. Rd2 b5 28. axb5 cxb5 29. Nxa5 Qb6 30. Nb3 Qc6 31. Rc2 Qd6 32. Rbb2 Rc7 33. d5 Qb6 34. Nc1 Nc5 35. Qe3 Qd6 36. Qe2 Rcb7 37. c4 b4 38. Nb3 Rc7 39. Nxc5 Rxc5 40. Qe3 Qc7 41. Qb3 Ra5 42. Ra2 Rxa2 43. Rxa2 Qc5 44. Rd2 Rb6 45. Qd3 Kf8 46. d6 Ke8 47. d7+ Kd8 48. Rd1 Rb7 49. Qd2 f6 50. Qd3 b3 51. Qd5 Qxd5 52. exd5 Kxd7 53. c5 Rb5 54. Rb1 Rxc5 55. Rxb3 Rxd5 56. Rb4 Rd2+ 57. Kf1 Ke6 58. f4 Kf5 59. fxe5 fxe5 60. Rb5 Ke4 61. Rb6 Kf5 62. Rb5 Ra2 63. Rc5 Ke4 64. Rc6 Kf5 65. Rc5 Ra6 66. Ke2 Kg4 67. Kf2 Ra2+ 68. Kf1 Kxg3 69. Rc6 Ra4 70. Rxg6+ Kf3 71. Ke1 Rxh4 72. Re6 e4 73. Kd1 Rg4 74. Rf6+ Ke3 75. Rh6 h4 76. Rh8 Kf3 77. Rf8+ Kg2 78. Ke2 h3 79. Rf2+ Kg3 0-1

[Event "GRENKE Chess Open 2024"]
[Site "Karlsruhe"]
[Date "2024.04.01"]
[Round "8.3"]
[White "Bluebaum, Matthias"]
[Black "Nevednichy, Vladislav"]
[Result "1-0"]
[WhiteElo "2655"]
[BlackElo "2445"]
[Annotator "TA"]
[PlyCount "201"]
[EventDate "2024.03.28"]
[EventType "swiss"]
[EventCountry "GER"]
[SourceTitle "playchess.com"]
[Source "ChessBase"]
[SourceQuality "1"]

1. d4 d6 2. Nf3 g6 3. c4 Bg7 4. Nc3 c5 5. dxc5 dxc5 6. Qxd8+ Kxd8 7. Bd2 Nc6 8. O-O-O Ke8 9. g3 Bd7 10. Bg2 Rc8 11. Ne1 b6 12. b3 Nb4 13. a3 Nc6 14. e3 Nh6 15. Nd3 Ng4 16. h3 Nge5 17. Ne1 Na5 18. Kc2 Bf5+ 19. Ne4 Nec6 20. g4 Bd7 21. Bc3 Bxc3 22. Kxc3 f5 23. gxf5 gxf5 24. Ng3 e6 25. Nd3 Ke7 26. Rhg1 Rhg8 27. Bf3 Nb8 28. Rg2 Bc6 29. Rdg1 Rgf8 30. Bxc6 Naxc6 31. Nh5 Rf7 32. Rg7 Rcf8 33. b4 Nd7 34. bxc5 Nxc5 35. Nxc5 bxc5 36. Rxf7+ Rxf7 37. Nf4 Ne5 38. Rg8 Kd6 39. Rc8 Rb7 40. Rg8 Rb1 41. Re8 Kd7 42. Rxe6 Ng6 43. Ra6 Nxf4 44. Rxa7+ Kd6 45. exf4 Rf1 46. Ra6+ Ke7 47. Rc6 Rxf2 48. Rxc5 Rxf4 49. Rc7+ Kd6 50. Rxh7 Rf1 51. h4 Kc5 52. Rc7+ Kd6 53. Rc8 Rh1 54. Rh8 Ke5 55. h5 f4 56. h6 f3 57. h7 f2 58. Rf8 Rxh7 59. Rxf2 Kd6 60. Rf5 Kc6 61. Kb4 Rb7+ 62. Rb5 Rh7 63. Rc5+ Kb6 64. Rg5 Rh1 65. Rg6+ Kb7 66. Kb5 Rb1+ 67. Kc5 Ra1 68. Rb6+ Kc7 69. Rb3 Ra2 70. Rh3 Kb7 71. Rh7+ Ka6 72. Kb4 Rb2+ 73. Kc3 Rb1 74. Rh6+ Ka7 75. Rg6 Rc1+ 76. Kb4 Rb1+ 77. Kc5 Ra1 78. Rg3 Kb7 79. Rh3 Ra2 80. Rb3+ Kc7 81. Kb5 Kb7 82. a4 Rh2 83. Rg3 Rb2+ 84. Kc5 Rb1 85. Rg7+ Ka6 86. Rg8 Rh1 87. Rg6+ Kb7 88. a5 Rh5+ 89. Kb4 Rf5 90. Rb6+ Kc7 91. Rb5 Rf6 92. Rh5 Rf1 93. Rh7+ Kc6 94. Rh6+ Kb7 95. Kb5 Rb1+ 96. Kc5 Ra1 97. Rh7+ Ka6 98. Kc6 Rxa5 99. Rh1 Ka7 100. c5 Ka8 101. Kb6 1-0

[Event "GRENKE Chess Open 2024"]
[Site "Karlsruhe"]
[Date "2024.04.01"]
[Round "8.3"]
[White "Kitze, Alexander"]
[Black "Kozul, Zdenko"]
[Result "1/2-1/2"]
[WhiteElo "2299"]
[BlackElo "2529"]
[Annotator "RC"]
[PlyCount "91"]
[EventDate "2024.03.28"]
[EventType "swiss"]
[EventCountry "GER"]
[SourceTitle "playchess.com"]
[Source "ChessBase"]
[SourceQuality "1"]

1. Nf3 Nf6 2. g3 d5 3. Bg2 g6 4. O-O Bg7 5. d4 O-O 6. c4 c6 7. cxd5 cxd5 8. Nc3 Nc6 9. Ne5 e6 10. Bf4 Nxe5 11. Bxe5 Bd7 12. Qd2 Bc6 13. b4 Rc8 14. Rfc1 Qe7 15. Rab1 Rfd8 16. a3 Bf8 17. Bf4 Nh5 18. Bh6 Bxh6 19. Qxh6 Ng7 20. Qd2 Nf5 21. e3 Nd6 22. Qa2 g5 23. Nd1 Bb5 24. Rc3 g4 25. a4 Bc4 26. Qd2 a6 27. a5 f5 28. Nb2 Bb5 29. Rc5 h5 30. Rbc1 h4 31. Rxc8 Rxc8 32. Rxc8+ Nxc8 33. Qc3 Na7 34. Bf1 h3 35. Bxb5 Nxb5 36. Qc8+ Kg7 37. Nd3 Nd6 38. Qb8 Ne4 39. Nc5 Nxc5 40. bxc5 Qd7 41. Qe5+ Kf7 42. Qh8 Qa4 43. Qh7+ Ke8 44. Qg8+ Ke7 45. Qg7+ Kd8 46. Qf8+ 1/2-1/2

[Event "GRENKE Chess Open 2024"]
[Site "Karlsruhe"]
[Date "2024.04.01"]
[Round "8.4"]
[White "Niemann, Hans Moke"]
[Black "Svane, Frederik"]
[Result "1-0"]
[WhiteElo "2676"]
[BlackElo "2617"]
[Annotator "TA"]
[PlyCount "91"]
[EventDate "2024.03.28"]
[EventType "swiss"]
[EventCountry "GER"]
[SourceTitle "playchess.com"]
[Source "ChessBase"]
[SourceQuality "1"]

1. e4 c5 2. Nf3 e6 3. Nc3 Nc6 4. h3 Be7 5. g3 d6 6. Bg2 Nf6 7. O-O O-O 8. d3 Rb8 9. a4 a6 10. Be3 b5 11. axb5 axb5 12. Nd2 d5 13. exd5 exd5 14. Bf4 Rb6 15. Ra8 h6 16. Nb3 Ra6 17. Rxa6 Bxa6 18. Re1 Re8 19. Be5 Nxe5 20. Rxe5 c4 21. Nd4 Bc5 22. Nc6 Qd6 23. Rxe8+ Nxe8 24. Nxd5 Kf8 25. Nc3 cxd3 26. Qxd3 Qf6 27. Qd2 Nd6 28. b4 Nc4 29. Qe1 Bxf2+ 30. Qxf2 Qxc3 31. Qc5+ Kg8 32. Ne7+ Kh8 33. Kh2 Qf6 34. Qa7 Kh7 35. Be4+ g6 36. Bxg6+ Kg7 37. Bd3 Nd6 38. Nd5 Qe5 39. Qxa6 Qxd5 40. Qa1+ f6 41. Qa7+ Kf8 42. Qb8+ Ke7 43. Qa7+ Kd8 44. Qe3 Qg5 45. Qxg5 fxg5 46. Kg2 1-0

[Event "GRENKE Chess Open 2024"]
[Site "Karlsruhe"]
[Date "2024.04.01"]
[Round "8.4"]
[White "Mishra, Abhimanyu"]
[Black "Wachinger, Nikolas"]
[Result "1/2-1/2"]
[WhiteElo "2627"]
[BlackElo "2442"]
[Annotator "RC"]
[PlyCount "91"]
[EventDate "2024.03.28"]
[EventType "swiss"]
[EventCountry "GER"]
[SourceTitle "playchess.com"]
[Source "ChessBase"]
[SourceQuality "1"]

1. e4 c5 2. Nf3 d6 3. d4 cxd4 4. Nxd4 Nf6 5. Nc3 a6 6. Be2 e5 7. Nb3 Be7 8. Be3 Be6 9. Nd5 Nbd7 10. Qd3 O-O 11. a4 Bxd5 12. exd5 Rc8 13. c4 e4 14. Qd4 Ne5 15. O-O Nfg4 16. Bc1 f5 17. h3 Nh6 18. Bxh6 gxh6 19. Qd1 f4 20. Nd4 f3 21. gxf3 exf3 22. Bxf3 Nxf3+ 23. Nxf3 Rxc4 24. Nd4 Qa5 25. Ne6 Rf5 26. Rc1 Rxc1 27. Qxc1 Qxd5 28. Qxh6 Qe5 29. f4 Qf6 30. Qxf6 Bxf6 31. Rd1 Be7 32. Nc7 Rxf4 33. Nd5 Re4 34. Nxe7+ Rxe7 35. Rxd6 Re4 36. Rb6 Rxa4 37. Rxb7 a5 38. Kf2 Rc4 39. Kg3 a4 40. h4 a3 41. bxa3 Rc3+ 42. Kg4 Rxa3 43. Kg5 Ra5+ 44. Kf6 Ra6+ 45. Kg5 Ra5+ 46. Kf6 1/2-1/2

[Event "GRENKE Chess Open 2024"]
[Site "Karlsruhe"]
[Date "2024.04.01"]
[Round "8.4"]
[White "Hommer, Jeremy"]
[Black "Schlosser, Philipp"]
[Result "0-1"]
[WhiteElo "2295"]
[BlackElo "2511"]
[Annotator "RC"]
[PlyCount "102"]
[EventDate "2024.03.28"]
[EventType "swiss"]
[EventCountry "GER"]
[SourceTitle "playchess.com"]
[Source "ChessBase"]
[SourceQuality "1"]

1. e4 c5 2. Nf3 e6 3. Bd3 Nc6 4. O-O Nf6 5. Re1 d5 6. exd5 Nxd5 7. Nc3 Nf6 8. b3 Be7 9. Bb2 b6 10. Bb5 Bd7 11. Ne5 Nxe5 12. Rxe5 Bxb5 13. Nxb5 O-O 14. a4 Nd5 15. Re1 Bf6 16. Bxf6 Qxf6 17. Nd6 Rfd8 18. Ne4 Qe7 19. d3 Nb4 20. Qd2 Rd5 21. a5 Rad8 22. axb6 axb6 23. h3 h6 24. Qc3 Kh7 25. Ra4 Rd4 26. Rea1 Nc6 27. Ra6 Qb7 28. R6a2 Qb8 29. Nd2 e5 30. Nf3 Rf4 31. Ra4 Rxf3 32. gxf3 Nd4 33. Kg2 Qb7 34. Rxd4 Rxd4 35. Re1 Rf4 36. Re4 Rf5 37. Qe1 Qc6 38. Qe3 Qf6 39. b4 Rg5+ 40. Rg4 cxb4 41. Qe4+ Rf5 42. f4 g6 43. fxe5 Rxe5 44. Qxb4 Qc6+ 45. Kh2 Re2 46. Qf4 f5 47. Rh4 h5 48. c4 Re1 49. f3 Qc5 50. Qd4 Qe7 51. Kg2 Qg5+ 0-1

[Event "GRENKE Chess Open 2024"]
[Site "Karlsruhe"]
[Date "2024.04.01"]
[Round "8.5"]
[White "Kamsky, Gata"]
[Black "Anton Guijarro, David"]
[Result "1/2-1/2"]
[WhiteElo "2616"]
[BlackElo "2671"]
[Annotator "TA"]
[PlyCount "128"]
[EventDate "2024.03.28"]
[EventType "swiss"]
[EventCountry "GER"]
[SourceTitle "playchess.com"]
[Source "ChessBase"]
[SourceQuality "1"]

1. e4 c6 2. d4 d5 3. exd5 cxd5 4. Bd3 Nc6 5. c3 Qc7 6. h3 e6 7. Nf3 Bd6 8. O-O Nf6 9. Re1 O-O 10. Nbd2 Re8 11. Nf1 h6 12. N1h2 Bd7 13. Bd2 e5 14. dxe5 Nxe5 15. Nxe5 Bxe5 16. Nf3 Bd6 17. Re4 Re7 18. Rxe7 Rd8 19. Re8+ Rxe8 20. Be3 Ne4 21. Qc2 Qc8 22. Qd1 Bb8 23. Bf1 Qc6 24. c4 dxc4 25. Bxc4 Bxh3 26. Bxf7+ Kxf7 27. gxh3 Kg8 28. Qb3+ Kh7 29. Qf7 Nf6 30. Kg2 Qe4 31. Rd1 Re7 32. Qb3 Qg6+ 33. Kf1 Qf5 34. Kg2 Bc7 35. Qxb7 Rf7 36. Nh4 Qh5 37. Qb3 Re7 38. Nf3 Qg6+ 39. Kh1 Qf5 40. Kg2 Qg6+ 41. Kh1 Qf5 42. Kg2 Ne4 43. Qd5 Qg6+ 44. Kf1 Ng3+ 45. fxg3 Rxe3 46. Kf2 Bb6 47. Kg2 Re2+ 48. Kh1 Rxb2 49. g4 Re2 50. Nh4 Qe8 51. Qd3+ Kg8 52. Qc4+ Kh7 53. Qd3+ Kh8 54. Ng6+ Kg8 55. Qc4+ Qe6 56. Qxe6+ Rxe6 57. Nf4 Re3 58. Rd7 Rf3 59. Ne6 g5 60. Kg2 Rf7 61. Rd2 Rf6 62. Nd4 Rd6 63. Nf3 Re6 64. h4 gxh4 1/2-1/2

[Event "GRENKE Chess Open 2024"]
[Site "Karlsruhe"]
[Date "2024.04.01"]
[Round "8.5"]
[White "Dann, Matthias"]
[Black "Weber, Samuel"]
[Result "1/2-1/2"]
[WhiteElo "2476"]
[BlackElo "2293"]
[Annotator "RC"]
[PlyCount "45"]
[EventDate "2024.03.28"]
[EventType "swiss"]
[EventCountry "GER"]
[SourceTitle "playchess.com"]
[Source "ChessBase"]
[SourceQuality "1"]

1. e4 e6 2. d4 d5 3. Nc3 Nf6 4. Bg5 h6 5. Bxf6 Qxf6 6. Nf3 g5 7. exd5 Bb4 8. Bb5+ Bd7 9. Bxd7+ Nxd7 10. dxe6 Qxe6+ 11. Qe2 Bxc3+ 12. bxc3 Qxe2+ 13. Kxe2 O-O-O 14. Rhe1 Nb6 15. Kd3 c5 16. Ne5 Rhf8 17. a4 f6 18. Nc4 Nd5 19. g3 Rf7 20. Ne3 Nxc3 21. Kxc3 cxd4+ 22. Kb3 dxe3 23. Rxe3 1/2-1/2

[Event "GRENKE Chess Open 2024"]
[Site "Karlsruhe"]
[Date "2024.04.01"]
[Round "8.5"]
[White "Fromm, Marius"]
[Black "Kazakouski, Valery"]
[Result "0-1"]
[WhiteElo "2445"]
[BlackElo "2608"]
[Annotator "TA"]
[PlyCount "64"]
[EventDate "2024.03.28"]
[EventType "swiss"]
[EventCountry "GER"]
[SourceTitle "playchess.com"]
[Source "ChessBase"]
[SourceQuality "1"]

1. e4 c5 2. Nf3 d6 3. d4 cxd4 4. Qxd4 Nf6 5. Nc3 Nc6 6. Qd3 g6 7. Nd5 Bg7 8. c3 Bg4 9. Be2 O-O 10. O-O Nd7 11. Bg5 h6 12. Bh4 Nc5 13. Qe3 g5 14. Bg3 e6 15. Nb4 f5 16. exf5 exf5 17. h3 f4 18. Qd2 Bxf3 19. Bxf3 fxg3 20. fxg3 Ne5 21. Bxb7 Nxb7 22. Qd5+ Kh8 23. Qxb7 Rxf1+ 24. Rxf1 a5 25. Nc6 Nxc6 26. Qxc6 Rb8 27. Rf2 Qb6 28. Qxb6 Rxb6 29. a4 d5 30. Rd2 d4 31. cxd4 Rb4 32. d5 Rxa4 0-1

[Event "GRENKE Chess Open 2024"]
[Site "Karlsruhe"]
[Date "2024.04.01"]
[Round "8.6"]
[White "Hong, Andrew"]
[Black "Kollars, Dmitrij"]
[Result "0-1"]
[WhiteElo "2542"]
[BlackElo "2629"]
[Annotator "TA"]
[PlyCount "100"]
[EventDate "2024.03.28"]
[EventType "swiss"]
[EventCountry "GER"]
[SourceTitle "playchess.com"]
[Source "ChessBase"]
[SourceQuality "1"]

1. e4 e5 2. Nf3 Nc6 3. Bb5 a6 4. Ba4 Nf6 5. O-O Nxe4 6. d4 Be7 7. Re1 b5 8. Rxe4 d5 9. Nxe5 Nxe5 10. Rxe5 bxa4 11. Qe2 Be6 12. f4 Kf8 13. f5 Bd7 14. Qf3 Bd6 15. f6 Bxe5 16. dxe5 h5 17. fxg7+ Kxg7 18. Qg3+ Kf8 19. Bg5 Qb8 20. Nc3 Qb6+ 21. Kh1 Qe6 22. Qe3 Re8 23. Rf1 f5 24. Qf4 Rh7 25. Bf6 c5 26. Qf2 d4 27. Ne2 Bc6 28. c3 Kf7 29. cxd4 Rg8 30. Nf4 Qc4 31. d5 Bxd5 32. Rd1 Bc6 33. h3 Rh6 34. b3 axb3 35. axb3 Qxb3 36. Rd6 Qb1+ 37. Kh2 Qe4 38. Rxc6 Qxc6 39. Bh4 Qe4 40. Qa2+ c4 41. Qd2 Qxe5 42. Qd7+ Kf8 43. Qc8+ Kg7 44. Qxc4 Kh7 45. Kh1 Qe4 46. Qc1 a5 47. Be1 Rc6 48. Qd2 Rc2 49. Qd1 Rgxg2 50. Qxh5+ Kg8 0-1